00425 a2200121 4500082001200000100001700012245003900029260008000068300003300148500005000181700001500231856005700246 aBICSE-6 aQurat ul Ain aMicrowave CalculatorcQurat ul Ain aIslamabadbNUST School of Electrical Engineering and Computer Sciencec2012 a60p.b:ill.c:27cm.+eCD-ROM aSupervisors: Mr. Yasir Iqbal, Mr. Ahsan Azhar aMaria Arif uhttp://10.250.8.41:8080/xmlui/handle/123456789/29485